Aprendo con mi caligrafía : (Registro nro. 10118)
[ vista simple ]
| 000 -LIDER | |
|---|---|
| fixed length control field | 00608nam a22001937a 4500 |
| 001 - NÚMERO DE CONTROL | |
| Identificador de número de control | 0002345 |
| 003 - IDENTIFICACDOR DE NÚMERO DE CONTROL | |
| control field | DO-SdBNP |
| 005 - DATE AND TIME OF LATEST TRANSACTION | |
| control field | 20180313130218.0 |
| 007 - CAMPOS FIJOS DE DESCRIPCIÓN FÍSICA | |
| fixed length control field | 0002345 |
| 008 - ELEMENTOS DE LONGITUD FIJA | |
| fixed length control field | 160512b 2011 dr ||||| |||| 00| 0 spa d |
| 040 ## - FUENTE DE CATALOGACIÓN | |
| Agencia que crea de manera original el registro | BPMSU |
| Idioma de catalogación | spa |
| Agencia que realiza la transcripción | BPMSU |
| 100 ## - ASIENTO PRINCIPAL -- NOMBRE PERSONAL | |
| Nombre personal | Valdez, Adalgisa |
| 245 ## - MENCIÓN DE TITULO | |
| Título | Aprendo con mi caligrafía : |
| Subtítulo | Educación básica y media / |
| Mención de responsabilidad | Adalgisa Valdez |
| 260 ## - PUBLICACIÓN, DISTRIBUCIÓN, ETC. (PIE DE IMPRENTA) | |
| Lugar de publicación, distribución, etc | Sancristobal, República Diminicana: |
| Nombre del editor, distribuidor, etc. | Impresos José Daniel |
| Fecha de publicación, distribución, etc | 2011 |
| 300 ## - DESCRIPCIÓN FÍSICA | |
| Extensión | 140 p. : |
| Otros detalles físicos | il. |
| Dimensiones | 30 cm. |
| 942 ## - ADDED ENTRY ELEMENTS (KOHA) | |
| Source of classification or shelving scheme | Dewey Decimal Classification |
| Koha item type | Libros |
| 945 ## - INFORMACIÓN DE PROCESAMIENTO LOCAL | |
| Información de procesamiento local | Remanejado para la BNPHU / 2018 VM |
| 956 ## - LOCAL ELECTRONIC LOCATION AND ACCESS (OCLC) | |
| Nombre de host | VMATEO |
| Número de acceso | 10 |
| Información de compresión | 20160511 |
| Trayectoria | BPMSU |
| Nombre Electrónico | 0069 |
| Withdrawn status | Lost status | Source of classification or shelving scheme | Damaged status | Not for loan | Collection code | Home library | Current library | Date acquired | Source of acquisition | Total Checkouts | Barcode | Date last seen | Price effective from | Koha item type | Copy number |
|---|---|---|---|---|---|---|---|---|---|---|---|---|---|---|---|
| Dewey Decimal Classification | Colección Escolar | Biblioteca Pública Metropolitana Salomé Ureña | Biblioteca Pública Metropolitana Salomé Ureña | 05/12/2016 | Donación | BPMET16050300 | 05/12/2016 | 05/12/2016 | Libros | ||||||
| Dewey Decimal Classification | Colección Escolar | Biblioteca Pública Metropolitana Salomé Ureña | Biblioteca Pública Metropolitana Salomé Ureña | 05/12/2016 | Donación | BPMET16050301 | 05/12/2016 | 05/12/2016 | Libros | e. 2 | |||||
| Dewey Decimal Classification | Colección Escolar | Biblioteca Pública Metropolitana Salomé Ureña | Biblioteca Pública Metropolitana Salomé Ureña | 05/12/2016 | Donación | BPMSU16050302 | 05/12/2016 | 05/12/2016 | Libros | e. 3 |